| 000 | 00374nam a2200145Ia 4500 | ||
|---|---|---|---|
| 008 | 151213s9999 xx 000 0 und d | ||
| 100 | _aDennis Walder | ||
| 245 |
_aTed Hughes _cDennis Walder |
||
| 260 |
_aU S A _bOpen University Press _c1984 |
||
| 300 | _a7081 p. | ||
| 650 | _aEnglish Literature | ||
| 650 | _aEnglish Literature | ||
| 700 | _aDennis Walder | ||
| 999 |
_c3749 _d3749 |
||